000
00311nam a22001337a 4500
008
170720b xxu||||| |||| 00| 0 eng d
020
_a
3890281567
041
_a
eng
080
_a
004
100
_a
28
101
_a
SHKI
245
_a
MODULARES PROGRAMMIEREN MIL TURBO PASCAL 5.O
_c
SOMMER, M
942
_2
udc
_c
BK
999
_c
21674
_d
21674